Available copies
- 2 of 3 copies available at LARL/NWRL Consortium.
Current holds
0 current holds with 3 total copies.
Show Only Available Copies
| Location | Call Number / Copy Notes | Barcode | Shelving Location | Status | Due Date |
|---|---|---|---|---|---|
| Red Lake Falls Public Library | j GRE (Text) | 35500005367923 | Main | Available | - |
| Roseau Public Library | j GRE (Text) | 35500005367808 | Main | Available | - |
| Thief River Falls Public Library | j GRE (Text) | 35500005367816 | Main | Checked out | 04/28/2026 |
Record details
- ISBN: 9780062208729 (hardback)
- ISBN: 0062208721 (hardback)
- Physical Description: 307 pages ; 24 cm
- Edition: First edition.
- Publisher: New York, NY : Harper, an imprint of HarperCollins Publishers, 2014
Content descriptions
| Summary, etc.: | "A troubled kid finds his bearings in a new school ... Read More |
Search for related items by subject
| LDR | 02707cam a22005898i 4500 | ||
|---|---|---|---|
| 001 | 163487 | ||
| 003 | LARL_NWRL_CONSORTIUM | ||
| 005 | 20140314085409.0 | ||
| 008 | 130815s2014 nyu c 000 1 eng | ||
| 010 | . | ‡a2013032816 | |
| 019 | . | ‡a849787329 | |
| 020 | . | ‡a9780062208729 (hardback) | |
| 020 | . | ‡a0062208721 (hardback) | |
| 035 | . | ‡a(OCoLC)855977601 ‡z(OCoLC)849787329 | |
| 040 | . | ‡aDLC ‡beng ‡erda ‡cDLC ‡dOCLCO ‡dYDXCP ‡dBTCTA ‡dBDX ‡dIEP ‡dWL8 ‡dZS3 | |
| 042 | . | ‡apcc ‡alcac | |
| 050 | 0 | 0. | ‡aPZ7.G826357 ‡bNew 2014 |
| 082 | 0 | 0. | ‡a[Fic] ‡223 |
| 084 | . | ‡aJUV032010 ‡aJUV039020 ‡aJUV039140 ‡2bisacsh | |
| 100 | 1 | . | ‡aGreen, Tim, ‡d1963- ‡0(LARL_NWRL_CONSORTIUM)9620 |
| 245 | 1 | 0. | ‡aNew kid / ‡cTim Green. |
| 250 | . | ‡aFirst edition. | |
| 260 | . | ‡aNew York, NY : ‡bHarper, an imprint of HarperCollins Publishers, ‡c2014 | |
| 300 | . | ‡a307 pages ; ‡c24 cm | |
| 336 | . | ‡atext ‡2rdacontent | |
| 337 | . | ‡aunmediated ‡2rdamedia | |
| 338 | . | ‡avolume ‡2rdacarrier | |
| 520 | . | ‡a"A troubled kid finds his bearings in a new school after a baseball coach offers him a spot on the team"-- ‡cProvided by publisher. | |
| 650 | 1. | ‡aMoving, Household ‡vFiction. ‡0(LARL_NWRL_CONSORTIUM)166117 | |
| 650 | 1. | ‡aFathers and sons ‡vFiction. ‡0(LARL_NWRL_CONSORTIUM)164946 | |
| 650 | 1. | ‡aInterpersonal relations ‡vFiction. ‡0(LARL_NWRL_CONSORTIUM)165331 | |
| 650 | 1. | ‡aBaseball ‡vFiction. ‡0(LARL_NWRL_CONSORTIUM)175884 | |
| 650 | 1. | ‡aSchools ‡vFiction. ‡0(LARL_NWRL_CONSORTIUM)167222 | |
| 650 | 7. | ‡aJUVENILE FICTION / Sports & Recreation / Baseball & Softball. ‡2bisacsh | |
| 650 | 7. | ‡aJUVENILE FICTION / Social Issues / Adolescence. ‡2bisacsh | |
| 650 | 7. | ‡aJUVENILE FICTION / Social Issues / Self-Esteem & Self-Reliance. ‡2bisacsh | |
| 650 | 0. | ‡aMoving, Household ‡vJuvenile fiction. ‡0(LARL_NWRL_CONSORTIUM)173368 | |
| 650 | 0. | ‡aFathers and sons ‡vJuvenile fiction. ‡0(LARL_NWRL_CONSORTIUM)169362 | |
| 650 | 0. | ‡aInterpersonal relations ‡vJuvenile fiction. ‡0(LARL_NWRL_CONSORTIUM)165337 | |
| 650 | 0. | ‡aBaseball stories ‡0(LARL_NWRL_CONSORTIUM)14696 | |
| 650 | 0. | ‡aSchools ‡vJuvenile fiction. ‡0(LARL_NWRL_CONSORTIUM)167227 | |
| 948 | . | ‡hNO HOLDINGS IN LAL - 167 OTHER HOLDINGS | |
| 994 | . | ‡aZ0 ‡bLAL | |
| 901 | . | ‡a163487 ‡bOCLC ‡c163487 ‡tbiblio | |

Add to basket
Permalink
Disable Highlighting